000 00585nam a2200229Ia 4500
005 20260429112110.0
008 260429s9999||||xx |||||||||||||| ||und||
020 _a9780367650056
041 _aEnglish
082 _a553.709
_bARN
100 _aArnold, Ellen F.
245 0 _aWater in world history /
_cEllen F. Arnold
250 _a1st ed.
260 _aNew York :
_bRoutledge,
_c2025.
300 _aix, 179 p.; pbk
440 _aThemes in world history
650 _a History
650 _aWater
700 _a Hooper, Jane
700 _aStearns, Peter n.
942 _cTB
999 _c52344
_d52344